[Event "Grand Prix Russia Final, (rapid) 2015"]
[Site "Khanty-Mansiysk RUS"]
[Date "2015.12.14"]
[Round "7"]
[White "Evdokimov, Alexander A"]
[Black "Ponkratov, Pavel"]
[Result "1/2-1/2"]
[WhiteElo "2490"]
[BlackElo "2604"]
[PlyCount "136"]
[EventDate "2015.12.13"]

1. d4 Nf6 2. c4 e6 3. Nf3 c5 4. d5 exd5 5. cxd5 d6 6. Nc3 g6 7. Bf4 a6 8. a4
Bg7 9. h3 O-O 10. e3 Qe7 11. Nd2 Nbd7 12. Be2 Ne5 13. O-O Rb8 14. a5 Ne8 15.
Qc2 f5 16. Bg3 Nc7 17. Rab1 Bd7 18. b4 cxb4 19. Rxb4 Rfc8 20. Qb3 Nf7 21. Na4
Bb5 22. Bc4 Ne5 23. Nb6 Rf8 24. Bxb5 Nxb5 25. Rc1 g5 26. Bxe5 Bxe5 27. Rbc4 Kh8
28. Qd3 Rbe8 29. Rc8 f4 30. Nf3 Bb2 31. Rxe8 Rxe8 32. Rc8 fxe3 33. fxe3 Bf6 34.
Rxe8+ Qxe8 35. Nc4 Kg7 36. Qf5 h6 37. Kh1 Qe7 38. Qg4 Qf7 39. e4 Qc7 40. Nb6
Nd4 41. Ng1 Be5 42. h4 Qf7 43. hxg5 h5 44. Qd7 Qxd7 45. Nxd7 Bf4 46. Nb6 Bxg5
47. Nc4 Bf4 48. Nf3 Ne2 49. e5 dxe5 50. Nfxe5 Kf6 51. Nd3 Ke7 52. Nxf4 Nxf4 53.
d6+ Ke6 54. Kh2 h4 55. Kg1 Nd3 56. Kh2 Nf2 57. Ne3 Kxd6 58. Nf5+ Kc6 59. Nxh4
Kb5 60. Kg3 Nd3 61. Kf3 Ne1+ 62. Ke4 Nxg2 63. Nxg2 Kxa5 64. Kd3 Kb4 65. Kc2 b5
66. Nf4 a5 67. Nd3+ Kc4 68. Ne5+ Kd5 1/2-1/2

[Event "Grand Prix Russia Final, (rapid) 2015"]
[Site "Khanty-Mansiysk RUS"]
[Date "2015.12.14"]
[Round "8"]
[White "Bocharov, Dmitry"]
[Black "Ponkratov, Pavel"]
[Result "1-0"]
[WhiteElo "2558"]
[BlackElo "2604"]
[PlyCount "119"]
[EventDate "2015.12.13"]

1. d4 Nf6 2. c4 e6 3. Nc3 c5 4. d5 exd5 5. cxd5 g6 6. Nf3 Bg7 7. d6 O-O 8. g3
b5 9. Bg2 b4 10. Na4 Na6 11. Ne5 Rb8 12. O-O Qe8 13. Nc4 Qe6 14. Qd3 Re8 15.
Be3 Ng4 16. Bd5 Qf6 17. Rad1 h5 18. h3 Nh6 19. h4 Nf5 20. Nxc5 Rxe3 21. Nxe3
Nxc5 22. Qc2 Ne6 23. Nxf5 gxf5 24. e3 Qxb2 25. Qxf5 Qe5 26. Qf3 Ba6 27. Rfe1
Rb6 28. Bb3 Bb7 29. Bd5 Bc6 30. Bxc6 Rxc6 31. Rd5 Qf6 32. Qxh5 Rc2 33. Rf5 Qg6
34. Qf3 Bc3 35. Rd1 Rxa2 36. h5 Qg7 37. Rb5 a5 38. Rdd5 Rd2 39. Rb8+ Kh7 40.
Rxa5 Rxd6 41. Raa8 Ng5 42. Qg4 Kh6 43. Qf4 Re6 44. Kg2 Be5 45. Rh8+ Qxh8 46.
Rxh8+ Bxh8 47. Qxb4 d6 48. f4 Nh7 49. g4 Rxe3 50. Qxd6+ Re6 51. Qd7 Kg7 52. g5
Nf8 53. Qc8 Kg8 54. Kf3 Bd4 55. h6 Re3+ 56. Kg4 Bh8 57. f5 Re4+ 58. Kh5 Re1 59.
h7+ Kg7 60. Qc3+ 1-0

[Event "Grand Prix Russia Final, (rapid) 2015"]
[Site "Khanty-Mansiysk RUS"]
[Date "2015.12.14"]
[Round "9"]
[White "Ponkratov, Pavel"]
[Black "Belous, Vladimir"]
[Result "1/2-1/2"]
[WhiteElo "2604"]
[BlackElo "2557"]
[PlyCount "116"]
[EventDate "2015.12.13"]

1. e4 c5 2. Nf3 Nc6 3. Nc3 e6 4. d4 cxd4 5. Nxd4 a6 6. g3 d6 7. Bg2 Bd7 8. O-O
Nf6 9. Nde2 Be7 10. a4 O-O 11. h3 Qc7 12. Be3 Rab8 13. g4 Bc8 14. g5 Nd7 15. f4
b5 16. axb5 axb5 17. Qd3 Nc5 18. Bxc5 dxc5 19. Nxb5 c4 20. Qxc4 Qb6+ 21. Nbd4
Nxd4 22. Nxd4 e5 23. fxe5 Be6 24. Qd3 Qxb2 25. h4 Rfd8 26. c3 Rbc8 27. Rfb1
Qxc3 28. Qxc3 Rxc3 29. Nxe6 fxe6 30. Ra6 Bc5+ 31. Kh1 Rg3 32. Kh2 Rg4 33. Bf3
Rf4 34. Kg3 Rff8 35. Rxe6 Be3 36. Rb7 Bc5 37. Rb3 Rd2 38. Ra6 Rc2 39. Kh3 Bd4
40. Ra5 Rc3 41. Rxc3 Bxc3 42. Ra3 Rxf3+ 43. Kg4 Re3 44. Ra8+ Kf7 45. Ra7+ Ke6
46. Rxg7 Rxe4+ 47. Kh3 Kf5 48. Rxh7 Re3+ 49. Kg2 Bxe5 50. Kf2 Ra3 51. Rf7+ Ke4
52. g6 Ra2+ 53. Kg1 Ra8 54. h5 Bf4 55. g7 Bh6 56. Rf8 Ra1+ 57. Rf1 Bxg7 58.
Rxa1 Ke5 1/2-1/2

[Event "Grand Prix Russia Final, (rapid) 2015"]
[Site "Khanty-Mansiysk RUS"]
[Date "2015.12.14"]
[Round "10"]
[White "Smirnov, Pavel"]
[Black "Ponkratov, Pavel"]
[Result "0-1"]
[WhiteElo "2595"]
[BlackElo "2604"]
[PlyCount "68"]
[EventDate "2015.12.13"]

1. d4 Nf6 2. c4 c5 3. d5 g6 4. Nc3 Bg7 5. e4 O-O 6. Nge2 b5 7. cxb5 a6 8. Ng3
d6 9. a4 h5 10. Be2 axb5 11. Bxb5 Ba6 12. Bd2 Nbd7 13. O-O Bxb5 14. axb5 Qb6
15. Qe2 Rfb8 16. f4 Ne8 17. Rxa8 Rxa8 18. e5 dxe5 19. f5 Nd6 20. fxg6 fxg6 21.
Nge4 Nf6 22. Nxd6 Qxd6 23. Qd3 Kh7 24. Bg5 Rd8 25. h3 Nxd5 26. Rd1 c4 27. Qxc4
Qb6+ 28. Kh2 Nxc3 29. Rxd8 Qxd8 30. bxc3 e4 31. Bf4 Qb6 32. Qc6 Qa5 33. c4 Qe1
34. b6 Bd4 0-1

[Event "Grand Prix Russia Final, (rapid) 2015"]
[Site "Khanty-Mansiysk RUS"]
[Date "2015.12.15"]
[Round "11"]
[White "Ponkratov, Pavel"]
[Black "Pridorozhni, Aleksei"]
[Result "1-0"]
[WhiteElo "2604"]
[BlackElo "2563"]
[PlyCount "77"]
[EventDate "2015.12.13"]

1. e4 e5 2. Bc4 Nf6 3. d3 c6 4. Nf3 d5 5. Bb3 Bb4+ 6. Nbd2 O-O 7. O-O Re8 8.
Re1 d4 9. a3 Ba5 10. Rf1 Bg4 11. h3 Bh5 12. g4 Bg6 13. Nxe5 Rxe5 14. f4 Re7 15.
f5 Qd6 16. Qf3 Bc7 17. Qg2 Nbd7 18. Nc4 Qc5 19. Ba2 a5 20. b4 Qa7 21. bxa5 Bxa5
22. Bf4 Bc3 23. Bd6 Ree8 24. Rab1 b5 25. Nd2 c5 26. fxg6 hxg6 27. g5 Qxa3 28.
Bxf7+ Kxf7 29. gxf6 gxf6 30. Nf3 Ke6 31. e5 Qa7 32. Qg4+ Kd5 33. Qe4+ Ke6 34.
Rxb5 Qa6 35. Rb7 Ra7 36. Qg4+ Kd5 37. Rxd7 f5 38. Rxa7 Qxa7 39. Qg2 1-0

[Event "Grand Prix Russia Final, (rapid) 2015"]
[Site "Khanty-Mansiysk RUS"]
[Date "2015.12.15"]
[Round "12"]
[White "Dordzhieva, Dinara"]
[Black "Ponkratov, Pavel"]
[Result "0-1"]
[WhiteElo "2230"]
[BlackElo "2604"]
[PlyCount "78"]
[EventDate "2015.12.13"]

1. Nf3 Nf6 2. c4 e6 3. g3 d5 4. Bg2 a6 5. b3 c5 6. O-O b5 7. Bb2 Bb7 8. e3 dxc4
9. bxc4 Nbd7 10. Qe2 Be7 11. d4 O-O 12. Nbd2 b4 13. Rfd1 a5 14. d5 exd5 15. Nh4
Re8 16. Nf5 Ba6 17. Bxd5 Nxd5 18. Qg4 Bf6 19. Nxg7 Kh8 20. Nxe8 Bxb2 21. Nd6
Ne5 22. N2e4 Nxg4 23. Nxf7+ Kg7 24. Nxd8 Rxd8 25. Rab1 Bf6 26. cxd5 c4 27. Nc5
Bc8 28. d6 Ne5 29. f4 Nd3 30. Nxd3 cxd3 31. e4 Bd4+ 32. Kg2 Bb7 33. Kf3 Re8 34.
Re1 Bc3 35. Re3 Re6 36. Kg4 Rxd6 37. e5 Rd8 38. e6 d2 39. Rd1 Bd5 0-1

[Event "Grand Prix Russia Final, (rapid) 2015"]
[Site "Khanty-Mansiysk RUS"]
[Date "2015.12.15"]
[Round "13"]
[White "Ponkratov, Pavel"]
[Black "Anikonov, Dmitry"]
[Result "1-0"]
[WhiteElo "2604"]
[BlackElo "2370"]
[PlyCount "85"]
[EventDate "2015.12.13"]

1. d4 Nc6 2. d5 Ne5 3. f4 Ng6 4. Nf3 e6 5. dxe6 fxe6 6. e4 Bc5 7. Nc3 Nf6 8. e5
Ng4 9. Ne4 Bb6 10. Bd3 O-O 11. g3 d5 12. Neg5 Nf2 13. Qe2 Qe8 14. Rf1 Nxd3+ 15.
cxd3 h6 16. Nh3 c5 17. Bd2 Qa4 18. b3 Qb5 19. Nf2 Bd7 20. Be3 Rac8 21. Rg1 Ne7
22. Nh4 Ba5+ 23. Kf1 c4 24. Kg2 cxd3 25. Nxd3 d4 26. Bf2 Rc3 27. Rgd1 Bc6+ 28.
Kh3 Qd5 29. Be1 Nf5 30. Bxc3 Bxc3 31. Rac1 Nxh4 32. Kxh4 g5+ 33. Kh3 Kh8 34.
fxg5 Qd8 35. Rf1 Rxf1 36. Rxf1 Qxg5 37. Rf8+ Kg7 38. Nf4 Bd7 39. Rf6 Kh8 40.
Qd3 h5 41. Rf7 Qg4+ 42. Kg2 Bc6+ 43. Kg1 1-0

[Event "Grand Prix Russia Final, (rapid) 2015"]
[Site "Khanty-Mansiysk RUS"]
[Date "2015.12.15"]
[Round "14"]
[White "Riazantsev, Alexander"]
[Black "Ponkratov, Pavel"]
[Result "1/2-1/2"]
[WhiteElo "2646"]
[BlackElo "2604"]
[PlyCount "25"]
[EventDate "2015.12.13"]

1. d4 d5 2. c4 c6 3. Nf3 Nf6 4. Nc3 e6 5. e3 Nbd7 6. Qc2 Bd6 7. b3 O-O 8. Be2
Qe7 9. O-O a6 10. Bb2 e5 11. cxd5 cxd5 12. dxe5 Nxe5 13. Rad1 1/2-1/2

[Event "Grand Prix Russia Final, (rapid) 2015"]
[Site "Khanty-Mansiysk RUS"]
[Date "2015.12.15"]
[Round "15"]
[White "Ponkratov, Pavel"]
[Black "Alekseev, Evgeny"]
[Result "1-0"]
[WhiteElo "2604"]
[BlackElo "2642"]
[PlyCount "93"]
[EventDate "2015.12.13"]

1. d4 Nf6 2. c4 e6 3. Nc3 Bb4 4. Qc2 O-O 5. e4 d5 6. e5 Ne4 7. Bd3 c5 8. Nf3
cxd4 9. Nxd4 Nd7 10. Bf4 Ndc5 11. O-O Bxc3 12. bxc3 Bd7 13. Be2 Na4 14. cxd5
exd5 15. c4 Rc8 16. Rac1 Re8 17. Qb3 g5 18. Be3 Rxe5 19. cxd5 Nac3 20. Bd3 Ba4
21. Qa3 Rxd5 22. Bxe4 Rxd4 23. Bxd4 Qxd4 24. Bf3 b5 25. Qe7 h6 26. Bh5 Rf8 27.
a3 Bb3 28. Rfe1 Bc4 29. Qe5 Qxe5 30. Rxe5 Na4 31. Be2 Bxe2 32. Rxe2 Rd8 33. h4
gxh4 34. Rc7 Rd6 35. Re4 Rf6 36. Rxa7 h3 37. gxh3 Nc5 38. Re3 Rf5 39. Kg2 Ne6
40. Rg3+ Kh7 41. Rf3 Nf4+ 42. Kf1 Kg6 43. Rb7 Kg5 44. Rb3 Kh4 45. R7xb5 Rf6 46.
R5b4 Kg5 47. Rg3+ 1-0

[Event "Grand Prix Russia Final, (rapid) 2015"]
[Site "Khanty-Mansiysk RUS"]
[Date "2015.12.13"]
[Round "1"]
[White "Rublevsky, Sergei"]
[Black "Ubiennykh, Ekaterina"]
[Result "1-0"]
[WhiteElo "2692"]
[BlackElo "2283"]
[PlyCount "77"]
[EventDate "2015.12.13"]

1. e4 c5 2. Nf3 Nc6 3. Bb5 e6 4. O-O Nge7 5. c3 a6 6. Be2 d5 7. exd5 Nxd5 8. d4
Be7 9. c4 Nf6 10. dxc5 O-O 11. Nc3 Bxc5 12. a3 Nd4 13. Bf4 Nh5 14. Be3 Nxe2+
15. Qxe2 Bxe3 16. Qxe3 Qc7 17. Qe5 Qxe5 18. Nxe5 Nf4 19. Na4 f6 20. Nb6 fxe5
21. Nxa8 Bd7 22. Nb6 Bc6 23. f3 g5 24. h3 Kf7 25. Rfe1 e4 26. fxe4 Ke7 27. Rad1
g4 28. hxg4 Rg8 29. Nd5+ exd5 30. exd5+ Kd6 31. dxc6+ Kxc6 32. Kf2 Rxg4 33. Kf3
h5 34. Re4 Ng6 35. Rxg4 hxg4+ 36. Kxg4 Ne5+ 37. Kf5 Nxc4 38. Rc1 Kd5 39. Rxc4
1-0

[Event "Grand Prix Russia Final, (rapid) 2015"]
[Site "Khanty-Mansiysk RUS"]
[Date "2015.12.13"]
[Round "2"]
[White "Evdokimov, Alexander A"]
[Black "Rublevsky, Sergei"]
[Result "1-0"]
[WhiteElo "2490"]
[BlackElo "2692"]
[PlyCount "97"]
[EventDate "2015.12.13"]

1. Nf3 d5 2. c4 c6 3. e3 Nf6 4. Nc3 a6 5. Qc2 e6 6. b3 c5 7. cxd5 exd5 8. d4
Nc6 9. dxc5 Bxc5 10. Be2 d4 11. exd4 Nxd4 12. Nxd4 Bxd4 13. O-O Qc7 14. Bb2 O-O
15. Rac1 Be6 16. Ne4 Qxc2 17. Nxf6+ Bxf6 18. Rxc2 Rac8 19. Rxc8 Rxc8 20. Bxf6
gxf6 21. Bd3 a5 22. f3 Rc5 23. Kf2 b5 24. Rd1 a4 25. b4 Rc3 26. Rd2 Bxa2 27.
Bxb5 Bb3 28. Rd8+ Kg7 29. Ra8 Rc2+ 30. Kg3 Ra2 31. Bc6 Rb2 32. Bxa4 Bc4 33. Rb8
Bf1 34. Bc6 Rxg2+ 35. Kf4 Rxh2 36. b5 Rb2 37. b6 Ba6 38. Kg3 f5 39. Bd5 Kf6 40.
b7 Rb4 41. Rf8 Ke5 42. b8=Q+ Rxb8 43. Rxb8 Kxd5 44. Kf4 Kd4 45. Rd8+ Kc3 46.
Kxf5 Bb7 47. f4 Kc4 48. Ke5 h5 49. Rd7 1-0

[Event "Grand Prix Russia Final, (rapid) 2015"]
[Site "Khanty-Mansiysk RUS"]
[Date "2015.12.13"]
[Round "4"]
[White "Belous, Vladimir"]
[Black "Rublevsky, Sergei"]
[Result "0-1"]
[WhiteElo "2557"]
[BlackElo "2692"]
[PlyCount "112"]
[EventDate "2015.12.13"]

1. c4 e5 2. g3 Nf6 3. Bg2 d5 4. cxd5 Nxd5 5. Nc3 Nb6 6. Nf3 Nc6 7. O-O Be7 8.
a3 O-O 9. b4 Be6 10. d3 a5 11. b5 Nd4 12. Nd2 c6 13. bxc6 Nxc6 14. Rb1 a4 15.
Nc4 Nxc4 16. dxc4 Bxc4 17. Rxb7 Nd4 18. Re1 Bb3 19. Qd3 Rb8 20. Bb2 Rxb7 21.
Bxb7 Nc2 22. Rc1 Qxd3 23. exd3 Rb8 24. Bc6 Nd4 25. Bg2 Bc2 26. Ba1 Bxa3 27. Re1
Bxd3 28. Nxa4 Nc2 29. Bxe5 Re8 30. Rd1 Bb5 31. Nc3 Rxe5 32. f4 Rh5 33. Bf3 Bc5+
34. Kh1 Nd4 35. Bxh5 Bc6+ 36. Kg1 Ne2+ 37. Kf1 Nxc3 38. Rd8+ Bf8 39. Rc8 Bb5+
40. Kg2 Ne4 41. Bf3 Nf6 42. g4 Bd7 43. Rd8 Bxg4 44. Bxg4 Nxg4 45. Kf3 Nh6 46.
h4 g6 47. h5 Kg7 48. hxg6 hxg6 49. Rd5 Nf5 50. Ke4 Be7 51. Ra5 Bf6 52. Rd5 Bh4
53. Ra5 Ng3+ 54. Kf3 f5 55. Ra7+ Kh6 56. Ra8 Nh5 0-1

[Event "Grand Prix Russia Final, (rapid) 2015"]
[Site "Khanty-Mansiysk RUS"]
[Date "2015.12.13"]
[Round "5"]
[White "Rublevsky, Sergei"]
[Black "Smirnov, Pavel"]
[Result "1-0"]
[WhiteElo "2692"]
[BlackElo "2595"]
[PlyCount "91"]
[EventDate "2015.12.13"]

1. e4 c5 2. Nf3 Nc6 3. Bb5 g6 4. Bxc6 bxc6 5. O-O Bg7 6. Re1 Rb8 7. c3 Nf6 8.
d4 cxd4 9. cxd4 O-O 10. Nc3 d6 11. h3 Nd7 12. b3 c5 13. Be3 Bb7 14. Rc1 Qa5 15.
Qd2 Rfc8 16. dxc5 Nxc5 17. Bd4 e5 18. Be3 Qa6 19. Bxc5 Rxc5 20. Nd5 Rxc1 21.
Rxc1 Bxd5 22. Qxd5 Rc8 23. Rxc8+ Qxc8 24. g3 Bf8 25. Kg2 Be7 26. a4 Kg7 27. b4
f5 28. b5 Kf6 29. h4 h6 30. h5 fxe4 31. Qxe4 gxh5 32. Qh7 Qf8 33. Nh4 Ke6 34.
Ng6 Qa8+ 35. Kg1 Bg5 36. Qc7 Qd5 37. Qxa7 Qd1+ 38. Kh2 e4 39. Nf8+ Ke5 40. Qg7+
Kd5 41. Qf7+ Kd4 42. Ne6+ Kc3 43. Nxg5 hxg5 44. Qf6+ Kb4 45. b6 Ka5 46. b7 1-0

[Event "Grand Prix Russia Final, (rapid) 2015"]
[Site "Khanty-Mansiysk RUS"]
[Date "2015.12.14"]
[Round "6"]
[White "Pridorozhni, Aleksei"]
[Black "Rublevsky, Sergei"]
[Result "1/2-1/2"]
[WhiteElo "2563"]
[BlackElo "2692"]
[PlyCount "30"]
[EventDate "2015.12.13"]

1. e4 c5 2. Nf3 e6 3. c4 Nc6 4. Nc3 Nf6 5. Be2 d5 6. exd5 exd5 7. d4 cxd4 8.
Nxd4 dxc4 9. Nxc6 Qxd1+ 10. Nxd1 bxc6 11. Bxc4 Bd6 12. O-O O-O 13. Re1 Nd5 14.
Bd2 Be6 15. Rc1 a5 1/2-1/2

[Event "Grand Prix Russia Final, (rapid) 2015"]
[Site "Khanty-Mansiysk RUS"]
[Date "2015.12.14"]
[Round "7"]
[White "Rublevsky, Sergei"]
[Black "Dordzhieva, Dinara"]
[Result "1-0"]
[WhiteElo "2692"]
[BlackElo "2230"]
[PlyCount "117"]
[EventDate "2015.12.13"]

1. e4 c5 2. Nf3 d6 3. d4 cxd4 4. Nxd4 Nf6 5. Nc3 g6 6. Be2 Bg7 7. O-O Nc6 8.
Nb3 O-O 9. Re1 Be6 10. Bg5 Re8 11. Bf1 Rc8 12. Nd5 Nd7 13. c3 a6 14. f4 f6 15.
Bh4 Bf7 16. Bf2 e6 17. Ne3 Qc7 18. Qf3 Nc5 19. Rad1 b5 20. Bh4 f5 21. Nxc5 dxc5
22. exf5 gxf5 23. g4 Ne7 24. Bg2 c4 25. h3 Kh8 26. Nc2 Ng6 27. Bg3 e5 28. fxe5
fxg4 29. Qxg4 Nxe5 30. Qh4 Qb6+ 31. Nd4 Bg6 32. Kh2 Nd3 33. Rxe8+ Rxe8 34. Rd2
b4 35. Qg4 bxc3 36. bxc3 Qa5 37. Re2 Rxe2 38. Nxe2 Qc5 39. Nd4 Be5 40. Bxe5+
Qxe5+ 41. Qg3 Qxg3+ 42. Kxg3 Nb2 43. Bf1 Bd3 44. Bxd3 cxd3 45. Nb3 Nc4 46. Kf3
a5 47. Nc5 d2 48. Ke2 Kg7 49. Ne4 Kg6 50. Nxd2 Nd6 51. c4 Nb7 52. Ke3 Kf5 53.
Kd4 Kf4 54. Ne4 Nd8 55. Kd5 h5 56. c5 h4 57. a4 Kf5 58. Nd6+ Kf4 59. c6 1-0

[Event "Grand Prix Russia Final, (rapid) 2015"]
[Site "Khanty-Mansiysk RUS"]
[Date "2015.12.14"]
[Round "8"]
[White "Anikonov, Dmitry"]
[Black "Rublevsky, Sergei"]
[Result "0-1"]
[WhiteElo "2370"]
[BlackElo "2692"]
[PlyCount "46"]
[EventDate "2015.12.13"]

1. d4 d5 2. Bf4 c5 3. e3 Nc6 4. c3 Nf6 5. Nd2 cxd4 6. exd4 Bf5 7. Qb3 Qc8 8.
Ngf3 e6 9. Nh4 Bg4 10. Bd3 Be7 11. Nhf3 Bh5 12. O-O Bg6 13. Bxg6 hxg6 14. Ne1
Nh5 15. Bg3 Nxg3 16. hxg3 Qc7 17. Nd3 O-O-O 18. Nf3 Rh6 19. g4 f5 20. g3 fxg4
21. Nfe5 Nxe5 22. Nxe5 Qxe5 23. dxe5 Rdh8 0-1

[Event "Grand Prix Russia Final, (rapid) 2015"]
[Site "Khanty-Mansiysk RUS"]
[Date "2015.12.14"]
[Round "9"]
[White "Rublevsky, Sergei"]
[Black "Riazantsev, Alexander"]
[Result "1/2-1/2"]
[WhiteElo "2692"]
[BlackElo "2646"]
[PlyCount "69"]
[EventDate "2015.12.13"]

1. e4 c6 2. d4 d5 3. Nd2 dxe4 4. Nxe4 Bf5 5. Ng3 Bg6 6. h4 h6 7. Nf3 Nd7 8. h5
Bh7 9. Bd3 Bxd3 10. Qxd3 e6 11. Bd2 Ngf6 12. O-O-O Be7 13. Ne4 Nxe4 14. Qxe4
Nf6 15. Qe2 Qd5 16. c4 Qe4 17. Qxe4 Nxe4 18. Be3 f5 19. Kc2 f4 20. Kd3 fxe3 21.
Kxe4 exf2 22. Rhf1 Bf6 23. Rxf2 Ke7 24. Ne5 Bxe5 25. dxe5 Rad8 26. Rdf1 Rhf8
27. Rxf8 Rxf8 28. Rxf8 Kxf8 29. Kd4 Ke7 30. Kc5 Kd7 31. b4 b6+ 32. Kd4 Ke7 33.
a4 Kd7 34. c5 b5 35. a5 1/2-1/2

[Event "Grand Prix Russia Final, (rapid) 2015"]
[Site "Khanty-Mansiysk RUS"]
[Date "2015.12.15"]
[Round "11"]
[White "Rublevsky, Sergei"]
[Black "Maletin, Pavel"]
[Result "1/2-1/2"]
[WhiteElo "2692"]
[BlackElo "2577"]
[PlyCount "78"]
[EventDate "2015.12.13"]

1. e4 e5 2. Bc4 Nf6 3. d3 Nc6 4. Nc3 Na5 5. Nge2 Be7 6. O-O O-O 7. Ng3 d6 8.
Qe2 c6 9. a4 Nxc4 10. dxc4 Be6 11. b3 Qc7 12. Rd1 Rad8 13. Ba3 g6 14. h3 Rd7
15. Rd3 Rfd8 16. Rad1 Kg7 17. Rf3 Re8 18. Nf5+ Bxf5 19. exf5 d5 20. Bxe7 Rexe7
21. cxd5 cxd5 22. fxg6 hxg6 23. Rxf6 Qxc3 24. Rf3 Qc6 25. Rfd3 d4 26. c3 Qf6
27. Qg4 Rd5 28. h4 Re6 29. h5 e4 30. Rxd4 Rxh5 31. Rxe4 Rxe4 32. Qxe4 Qxc3 33.
Qxb7 a5 34. g3 Qc2 35. Re1 Qc3 36. Rf1 Re5 37. Kg2 Rf5 38. Kg1 Rh5 39. Kg2 Rf5
1/2-1/2

[Event "Grand Prix Russia Final, (rapid) 2015"]
[Site "Khanty-Mansiysk RUS"]
[Date "2015.12.15"]
[Round "12"]
[White "Shomoev, Anton"]
[Black "Rublevsky, Sergei"]
[Result "0-1"]
[WhiteElo "2561"]
[BlackElo "2692"]
[PlyCount "74"]
[EventDate "2015.12.13"]

1. e4 c5 2. Nf3 e6 3. d4 cxd4 4. Nxd4 Nc6 5. Nc3 a6 6. Be2 d6 7. O-O Nf6 8. Be3
Be7 9. f4 Bd7 10. a4 Nxd4 11. Qxd4 Bc6 12. b4 O-O 13. b5 Be8 14. e5 Rc8 15.
Rad1 axb5 16. axb5 d5 17. Na4 Ng4 18. Bxg4 Bxb5 19. Nb6 Bc5 20. Qxc5 Rxc5 21.
Bxc5 Qc7 22. Bd4 Bxf1 23. Kxf1 Qxc2 24. Kg1 Qe4 25. g3 Rd8 26. h4 Qg6 27. Bf3
Qxg3+ 28. Bg2 Qxf4 29. h5 Qg4 30. Rd3 Qxh5 31. Kf2 Qf5+ 32. Ke2 h5 33. Bf3 h4
34. Rd1 Qf4 35. Rd3 g5 36. Bg2 g4 37. Rd1 Qh2 0-1

[Event "Grand Prix Russia Final, (rapid) 2015"]
[Site "Khanty-Mansiysk RUS"]
[Date "2015.12.15"]
[Round "13"]
[White "Rublevsky, Sergei"]
[Black "Bocharov, Dmitry"]
[Result "1/2-1/2"]
[WhiteElo "2692"]
[BlackElo "2558"]
[PlyCount "88"]
[EventDate "2015.12.13"]

1. e4 c6 2. d4 d5 3. e5 Bf5 4. Nf3 e6 5. Be2 Nd7 6. O-O h6 7. Nbd2 Ne7 8. Nb3
g5 9. Bd2 a5 10. a4 Bg7 11. c4 O-O 12. Rc1 dxc4 13. Bxc4 Nd5 14. h3 b6 15. Qe2
f6 16. Bd3 Bxd3 17. Qxd3 Rc8 18. exf6 Qxf6 19. Rfe1 Qf5 20. Qe4 Qxe4 21. Rxe4
Rfe8 22. h4 N5f6 23. Re2 g4 24. Ne5 Nxe5 25. dxe5 Nd5 26. h5 c5 27. Rc4 Kh7 28.
Rxg4 Rf8 29. f4 Rfd8 30. Be1 Ne7 31. Nd2 Rd4 32. Ne4 Nd5 33. b3 Rf8 34. g3 Ne7
35. Nd6 Rd3 36. Nc4 Rxb3 37. Rd2 Nd5 38. Rg6 Rb1 39. Re2 Rc1 40. Nd6 Nc3 41.
Re3 Nd5 42. Re2 Nc3 43. Re3 Nd5 44. Re2 Nc3 1/2-1/2

[Event "Grand Prix Russia Final, (rapid) 2015"]
[Site "Khanty-Mansiysk RUS"]
[Date "2015.12.15"]
[Round "14"]
[White "Rublevsky, Sergei"]
[Black "Girya, Olga"]
[Result "1-0"]
[WhiteElo "2692"]
[BlackElo "2456"]
[PlyCount "87"]
[EventDate "2015.12.13"]

1. e4 c6 2. d4 d5 3. e5 Bf5 4. Nd2 e6 5. Nb3 Nd7 6. Nf3 h6 7. Be2 Ne7 8. O-O
Qc7 9. Bd2 g5 10. a4 a5 11. c4 Bg7 12. cxd5 Nxd5 13. Ne1 f6 14. Bh5+ Kd8 15.
exf6 N7xf6 16. Be2 Ne4 17. Bd3 Nxd2 18. Qxd2 Kc8 19. Rc1 Re8 20. Bxf5 exf5 21.
Nf3 Qd6 22. Rc5 Kc7 23. Rfc1 Rad8 24. Nxa5 g4 25. Ne5 Bxe5 26. dxe5 Rxe5 27. g3
Kb8 28. Rxc6 Qb4 29. Qxb4 Nxb4 30. Rb6 Rxa5 31. Rxb4 Rad5 32. Rf4 Rd1+ 33. Rxd1
Rxd1+ 34. Kg2 Rd5 35. Rc4 Rd2 36. Rc5 Rxb2 37. Rxf5 Ra2 38. Rf4 h5 39. h3 gxh3+
40. Kxh3 Ka7 41. Kh4 Ka6 42. Kxh5 Ka5 43. g4 Rxa4 44. Rxa4+ 1-0

[Event "Grand Prix Russia Final, (rapid) 2015"]
[Site "Khanty-Mansiysk RUS"]
[Date "2015.12.13"]
[Round "1"]
[White "Riazantsev, Alexander"]
[Black "Smirnov, Pavel"]
[Result "1-0"]
[WhiteElo "2646"]
[BlackElo "2595"]
[PlyCount "71"]
[EventDate "2015.12.13"]

1. d4 Nf6 2. c4 e6 3. Nc3 Bb4 4. Qc2 O-O 5. Bf4 d5 6. cxd5 exd5 7. e3 c5 8.
dxc5 Nc6 9. Nf3 Qa5 10. Bd3 Bxc5 11. O-O Nb4 12. Qd2 Nxd3 13. Qxd3 Be6 14. Be5
Be7 15. Ng5 g6 16. Qd4 Qd8 17. Rad1 Bf5 18. Nf3 Be6 19. h3 a6 20. Qf4 Nh5 21.
Qh6 f6 22. Bh2 Qa5 23. Nd4 Bf7 24. Nb3 Qb6 25. g4 Ng7 26. Nxd5 Bxd5 27. Rxd5
Qe6 28. Rfd1 g5 29. Bd6 Rfd8 30. Nc5 Qf7 31. Nxb7 Rd7 32. Nc5 Rdd8 33. R5d4
Bxd6 34. Rxd6 Rxd6 35. Rxd6 Rf8 36. Rd7 1-0

[Event "Grand Prix Russia Final, (rapid) 2015"]
[Site "Khanty-Mansiysk RUS"]
[Date "2015.12.13"]
[Round "2"]
[White "Pridorozhni, Aleksei"]
[Black "Riazantsev, Alexander"]
[Result "1/2-1/2"]
[WhiteElo "2563"]
[BlackElo "2646"]
[PlyCount "82"]
[EventDate "2015.12.13"]

1. e4 c6 2. Nc3 d5 3. Qe2 d4 4. Nd1 e5 5. g3 Nf6 6. d3 Bb4+ 7. c3 Ba5 8. f4
exf4 9. gxf4 Bg4 10. Nf3 O-O 11. Bg2 Nbd7 12. Bd2 Nc5 13. Nf2 Bxf3 14. Bxf3 Na4
15. Nd1 Nxb2 16. c4 Bxd2+ 17. Qxd2 Nxd1 18. Rxd1 Nd7 19. O-O Qh4 20. Kh1 f5 21.
Qb4 fxe4 22. Bxe4 Nf6 23. Bf3 Rf7 24. Qd6 Rd7 25. Qe6+ Kh8 26. Rde1 Rf8 27. a4
h6 28. a5 Rdd8 29. Rb1 Qxf4 30. a6 bxa6 31. Bxc6 Qd2 32. Rbd1 Qe3 33. Qf5 Qe7
34. Rde1 Qc7 35. Bg2 Nh7 36. Qg6 Rxf1+ 37. Rxf1 Qe7 38. Rf7 Qe1+ 39. Rf1 Qe7
40. Rf7 Qe1+ 41. Rf1 Qe7 1/2-1/2

[Event "Grand Prix Russia Final, (rapid) 2015"]
[Site "Khanty-Mansiysk RUS"]
[Date "2015.12.13"]
[Round "3"]
[White "Riazantsev, Alexander"]
[Black "Dordzhieva, Dinara"]
[Result "1/2-1/2"]
[WhiteElo "2646"]
[BlackElo "2230"]
[PlyCount "134"]
[EventDate "2015.12.13"]

1. d4 Nf6 2. c4 c5 3. d5 b5 4. cxb5 a6 5. bxa6 g6 6. Nc3 Bg7 7. e4 O-O 8. Be2
Qa5 9. Bd2 Bxa6 10. e5 Ne8 11. Nf3 d6 12. e6 f5 13. h4 h5 14. Ng5 Bxe2 15. Qxe2
Qa6 16. Nh3 Nf6 17. Bg5 Qxe2+ 18. Kxe2 Na6 19. Nf4 Kh7 20. Rhd1 Rfb8 21. Rd2
Ra7 22. Rc1 Nb4 23. a4 Ng4 24. b3 Ne5 25. Nb5 Rab7 26. Kd1 Ra8 27. Ke2 Rab8 28.
Nh3 Ra8 29. Bf4 Ra6 30. Ng5+ Kg8 31. Bxe5 Bxe5 32. Rc4 Bf6 33. Nf7 Kg7 34. f3
Kh7 35. g4 Rb8 36. Ng5+ Bxg5 37. hxg5 hxg4 38. fxg4 Kg7 39. Rf4 Rh8 40. gxf5
Rh2+ 41. Rf2 Rxf2+ 42. Kxf2 gxf5 43. Nc3 Ra8 44. Kg3 Rh8 45. a5 Kg6 46. Na2 Na6
47. Nc3 Nb4 48. Rh2 Rxh2 49. Kxh2 Kxg5 50. Nb5 Nxd5 51. a6 Nb6 52. a7 Kf4 53.
Nxd6 Kg5 54. Nb5 Na8 55. Kg3 Kf6 56. Kf4 Kxe6 57. Nc3 Kf6 58. Nd5+ Ke6 59. Ne3
Kd6 60. Kxf5 Kc6 61. Ke6 Kb7 62. Kxe7 Kxa7 63. Kd6 Kb6 64. Nc4+ Kb5 65. Nd2 Nb6
66. Ne4 c4 67. bxc4+ Nxc4+ 1/2-1/2

[Event "Grand Prix Russia Final, (rapid) 2015"]
[Site "Khanty-Mansiysk RUS"]
[Date "2015.12.13"]
[Round "4"]
[White "Anikonov, Dmitry"]
[Black "Riazantsev, Alexander"]
[Result "1/2-1/2"]
[WhiteElo "2370"]
[BlackElo "2646"]
[PlyCount "64"]
[EventDate "2015.12.13"]

1. d4 Nf6 2. c4 e6 3. Nc3 Bb4 4. Qb3 Nc6 5. Nf3 Ne4 6. a3 Bxc3+ 7. bxc3 O-O 8.
e3 b6 9. Bd3 f5 10. Qc2 Ba6 11. Nd2 Nxd2 12. Bxd2 Na5 13. c5 Bc4 14. cxb6 axb6
15. O-O d5 16. Rfb1 Qd7 17. Bc1 Ra6 18. Rb4 Rfa8 19. f3 Bxd3 20. Qxd3 Nc4 21.
e4 fxe4 22. fxe4 Nxa3 23. exd5 exd5 24. Bxa3 Rxa3 25. Rxa3 Rxa3 26. Rb1 Ra2 27.
Re1 Qg4 28. Qf1 Ra8 29. Qb5 Qh5 30. Qc6 Rf8 31. Qxc7 Qf5 32. Qg3 h6 1/2-1/2